Sports - A to Z - Statistics

General Stats
  • This quiz has been taken 29 times
  • The average score is 18 of 26
Answer Stats
Hint Answer % Correct
America’s favorite pastime Baseball
93%
Throwing game using a small pointed missile Darts
85%
Primary thrower in football Quarterback
85%
Tennis serve untouched by opponent Ace
81%
Two under par on a golf hole Eagle
78%
Track and field obstacles you jump over Hurdles
78%
Coach’s pause during a game Timeout
78%
Team sport with a net where players hit a ball over Volleyball
78%
Venue for ice hockey games Rink
74%
Jamaican sprinter, 3-time Olympic 100m gold medalist Usain Bolt
74%
Global multi-sport event held every four years Olympics
70%
Vancouver's NHL team Canucks
67%
NFL team from Florida Jaguars
67%
City home to two Premier League powerhouses Manchester
67%
Kick used to give possession to the other team in football Punt
67%
Powerful downward hit in volleyball Spike
67%
College football team nicknamed the Hoosiers Indiana
63%
The 7′ 6″ NBA center from China Yao Ming
63%
The start of some team sports begins with this Faceoff
59%
Team sport played with a stick and ball Lacrosse
59%
The "Black Mamba" Kobe Bryant
56%
Extreme sports competition featuring skateboarding, snowboarding, and BMX X Games
56%
Machine that resurfaces the ice between periods Zamboni
56%
NFL team owned by the public Greenbay Packers
52%
One of MLB’s two leagues National
52%
College team known as the Cowboys Wyoming
37%
No matching quizzes found
Score Distribution
Percent of People with Each Score
Percentile by Number Answered
Your Score History
You have not taken this quiz